000 01572nam a22003977a 4500
003 CHAP
005 20220329143807.0
008 110829s2011 mx r 00010 spa d
010 _a101949
011 _a102921
035 _a113610
040 _cCHAP
090 _aTesis
100 1 _aNieto Hernández, Miguel.
_981270
245 1 0 _aDisponibilidad de fósforo en un suelo calcareo con diferentes fuentes de fertilización
_h[En línea]
_c/por Miguel Nieto Hernández
260 _aChapingo, Méx. :
_bEl autor,
_c2011
500 _aPara ver el contenido del material haga clic en la liga
502 _aTesis (Ing. Agr. Esp. en Suelos) -- UACH. Departamento de Suelos
590 _aALEPH
_b10
_c20130110
_lUCH01
_h1541
590 _aBATCH-UPD
_b10
_c20130110
_lUCH01
_h1103
590 _aBATCH-UPD
_b10
_c20130410
_lUCH01
_h0656
590 _aBATCH-UPD
_b10
_c20130913
_lUCH01
_h1909
590 _aBATCH-UPD
_b10
_c20140324
_lUCH01
_h1527
590 _aBATCH-UPD
_b10
_c20141002
_lUCH01
_h0850
590 _aCONVERSION
_b10
_c20130109
_lUCH01
_h1356
650 1 4 _aAcido fosfórico.
_9585
650 1 4 _aDistrito de Desarrollo Rural Chihuahua.
_932766
650 1 4 _aFertilizantes
_xEfecto en suelos.
_940553
650 1 4 _aFósforo
_xEfecto en suelos.
_942256
650 1 4 _aSuelos calcáreos.
_9110539
856 _3Finding aid
_uhttp://10.13.5.2/tesis/113610.pdf
_zTeclea aqui
901 _aBK
942 _cFOLL
949 _atesis
_bBC
_cTES
_d33724002302066
_eTS2
_fc.2
_gDonaciØn
_h52625
_i113610
_st
949 _aTesis
_bBC
_cTES
_d33724002302108
_eTS1
_gDonaciØn
_h52624
_i113610
_st
999 _c101949
_d101949